000 00296nam a22001337a 4500
008 181019b xxu||||| |||| 00| 0 eng d
020 _a0443015120
041 _aeng
080 _a617
100 _a8
101 _aORT
245 _aClinical Orthopaedic Examination
_cRae,R.M
942 _2udc
_cBK
999 _c50231
_d50231